| 000 | 00547nam a2200169 i 4500 | ||
|---|---|---|---|
| 001 | 100433 | ||
| 003 | ES-MaACL | ||
| 005 | 20230906182656.0 | ||
| 007 | t| | ||
| 008 | 050928s1970 sp ||||1| spa d | ||
| 100 | 1 |
_aMas Candela, José. _978625 |
|
| 245 | 1 | 0 |
_aManual de ayudas audiovisuales / _cpor José Mas Candela. |
| 260 |
_aMadrid : _bCapacitación Agraria, _c1970. |
||
| 300 |
_a263 p., 4 lám. col. : _bil. ; _c24 cm. |
||
| 710 | 2 |
_aEspaña. _bDirección General de Capacitación Agraria. _93712 |
|
| 852 |
_aES-MaACL _jC-44067 _bR.73439 |
||
| 999 |
_c100433 _d100433 |
||